Sudden Death Countries - Statistics

General Stats
  • This quiz has been taken 204 times
  • The average score is 16 of 19
Answers on the Grid
Answers color-coded by a green-red scale on the quiz's grid according to % correct below.
Ireland
Spain
Norway
Michigan
Kosovo
Qatar
Guyana
Maldives
Concord
Vietnam
Shanghai
Vanuatu
Kabul
Beijing
Mexico
Cairo
Egypt
Sudan
Oslo
Bolivia
Cyprus
Vermont
Slovenia
Rome
Maine
Tokyo
England
Belize
Wellington
Texas
Tennessee
Iran
Bulgaria
Uganda
Quito
 
Answer Stats
Answer % Correct
Ireland
98%
Norway
98%
Egypt
95%
Kosovo
95%
Spain
95%
Vietnam
93%
Mexico
92%
Qatar
92%
Bolivia
91%
Cyprus
88%
Slovenia
88%
Maldives
87%
Sudan
86%
Guyana
85%
Vanuatu
80%
Iran
69%
Bulgaria
68%
Uganda
67%
Belize
64%
No matching quizzes found
Score Distribution
Percent of People with Each Score
Percentile by Number Answered
Your Score History
You have not taken this quiz